White supremacy and why. (Record no. 16008)

MARC details
000 -LEADER
fixed length control field 00462cam a22001811 4500
001 - CONTROL NUMBER
control field ca 25000835
003 - CONTROL NUMBER IDENTIFIER
control field DLC
005 - DATE AND TIME OF LATEST TRANSACTION
control field 20260227111115.0
008 - FIXED-LENGTH DATA ELEMENTS--GENERAL INFORMATION
fixed length control field 791015s1924 flu 000 0 eng
010 ## - LIBRARY OF CONGRESS CONTROL NUMBER
LC control number ca 25000835
035 ## - SYSTEM CONTROL NUMBER
System control number (OCoLC)5526347
040 ## - CATALOGING SOURCE
Original cataloging agency DLC
Transcribing agency MsHaU
Modifying agency DLC
042 ## - AUTHENTICATION CODE
Authentication code premarc
050 00 - LIBRARY OF CONGRESS CALL NUMBER
Classification number BS661
Item number .W5
245 00 - TITLE STATEMENT
Title White supremacy and why.
260 ## - PUBLICATION, DISTRIBUTION, ETC.
Place of publication, distribution, etc. Jacksonville, Fla.,
Name of publisher, distributor, etc. Montyer publishing co.,
Date of publication, distribution, etc. 1924.
300 ## - PHYSICAL DESCRIPTION
Extent 221 p.
Dimensions 19 cm.

No items available.

Powered by Koha